00343nam a22000977a 4500008004100000082001500041100003900056245010000095260003800195300001200233230619b xxu||||| |||| 00| 0 eng d a246.7bFIH cBurnette C.Fish and Gerald W. Fish aThe Place of SongsbA History of the world Gospel Mission and the Africa Gospel Church in Kenya aKenyabWorld Gospel Missionc1989 aXV,565p